[Event "BL2-Nord 1819"]
[Site "Germany"]
[Date "2019.02.03"]
[Round "6.8"]
[White "Berger, Steve"]
[Black "Hein, Andreas"]
[Result "0-1"]
[WhiteElo "2435"]
[BlackElo "2254"]
[PlyCount "82"]
[EventDate "2018.11.10"]
[EventType "team-tourn"]
[EventRounds "10"]
[EventCountry "GER"]
[SourceTitle "CBM 190 Extra"]
[Source "ChessBase"]
[SourceDate "2019.07.15"]
[SourceVersion "1"]
[SourceVersionDate "2019.07.15"]
[SourceQuality "1"]
[WhiteTeam "Berlin Tegel"]
[BlackTeam "Luebeck"]
[WhiteTeamCountry "GER"]
[BlackTeamCountry "GER"]

1. e4 c6 2. Nc3 d5 3. Nf3 dxe4 4. Nxe4 Nf6 5. Qe2 Bg4 6. h3 Bxf3 7. Nxf6+ gxf6 8. Qxf3 Nd7 9. d4 e6 10. c3 h5 11. g4 Qa5 12. Be2 0-0-0 13. gxh5 Bh6 14. Bxh6 Rxh6 15. Rg1 Rh7 16. Rg3 f5 17. Qg2 Nf6 18. Rg7 Rdh8 19. 0-0-0 Qd8 20. h6 Qf8 21. c4 Rxh6 22. Rg3 Ne4 23. Ra3 Kb8 24. c5 Qd8 25. Kb1 Qc7 26. Ka1 Rg6 27. Qf1 Qh2 28. Bf3 Rhg8 29. Qe1 Rg1 30. Qa5 Rxd1+ 31. Bxd1 a6 32. Rb3 Qg1 33. a3 Qxd1+ 34. Ka2 Qxd4 35. Rxb7+ Kxb7 36. Qb6+ Kc8 37. Qxa6+ Kd8 38. Qa8+ Ke7 39. Qxg8 Qc4+ 40. Ka1 Qc1+ 41. Ka2 Nd2 0-1

[Event "BL2-Nord 1314"]
[Site "Germany"]
[Date "2013.11.10"]
[Round "2.7"]
[White "Rother, Moritz"]
[Black "Hein, Andreas"]
[Result "0-1"]
[WhiteElo "2116"]
[BlackElo "2236"]
[PlyCount "82"]
[EventDate "2013.10.13"]
[EventType "team-tourn"]
[EventRounds "9"]
[EventCountry "GER"]
[SourceTitle "EXT 2015"]
[Source "ChessBase"]
[SourceDate "2014.11.20"]
[SourceVersion "1"]
[SourceVersionDate "2014.11.20"]
[SourceQuality "1"]
[WhiteTeam "Goettingen"]
[BlackTeam "Luebeck"]
[WhiteTeamCountry "GER"]
[BlackTeamCountry "GER"]

1. e4 c6 2. d4 d5 3. e5 c5 4. dxc5 Nc6 5. Bb5 Qa5+ 6. Nc3 e6 7. Be3 Bd7 8. Bxc6 Bxc6 9. Qd4 Ne7 10. b4 Qc7 11. Nf3 Nf5 12. Qd3 a5 13. b5 Bd7 14. Bd2 Bxc5 15. 0-0 Rc8 16. Ne2 Bb6 17. c3 Qc4 18. Qxc4 Rxc4 19. Rab1 0-0 20. Ned4 Nxd4 21. Nxd4 Bxd4 22. cxd4 Rxd4 23. Bxa5 Ra8 24. Bc7 Rc4 25. b6 Rxa2 26. Ra1 Rxa1 27. Rxa1 h6 28. h3 Kh7 29. Ra2 Kg6 30. f3 Kf5 31. Kf2 Bc6 32. Ke3 d4+ 33. Kd3 Rb4 34. Ke2 Bb5+ 35. Kf2 Rb1 36. Rd2 Rf1+ 37. Kg3 d3 38. Bd6 g5 39. h4 gxh4+ 40. Kxh4 Kf4 41. Bf8 Rh1# 0-1

[Event "Schleswig Holstein-ch Meister"]
[Site "Buesum"]
[Date "2010.04.01"]
[Round "8.3"]
[White "Hein, Andreas"]
[Black "Wilde, Dennis"]
[Result "1/2-1/2"]
[WhiteElo "2191"]
[BlackElo "2185"]
[PlyCount "53"]
[EventDate "2010.03.27"]
[EventType "swiss"]
[EventRounds "9"]
[EventCountry "GER"]
[SourceTitle "EXT 2022"]
[Source "ChessBase"]
[SourceDate "2021.10.06"]
[SourceVersion "1"]
[SourceVersionDate "2021.10.06"]
[SourceQuality "1"]

1. d4 Nf6 2. Nf3 e6 3. e3 c5 4. Bd3 cxd4 5. exd4 Be7 6. 0-0 0-0 7. Bg5 b6 8. Qe2 Bb7 9. c3 d6 10. Nbd2 Nbd7 11. Rfd1 Re8 12. Nc4 Qc7 13. a4 Rac8 14. h3 Qb8 15. Bf4 Nf8 16. Ng5 Ng6 17. Bg3 Nd5 18. Qd2 Nf6 19. b3 Red8 20. Rac1 Nf8 21. Re1 Qa8 22. f3 Nh5 23. Bh2 h6 24. Ne4 d5 25. Ned6 dxc4 26. Nxc8 Rxc8 27. bxc4 1/2-1/2

[Event "Schleswig Holstein-ch Meister"]
[Site "Buesum"]
[Date "2010.03.29"]
[Round "3.2"]
[White "Hein, Andreas"]
[Black "Reinecker, Kai"]
[Result "1-0"]
[WhiteElo "2191"]
[BlackElo "2243"]
[PlyCount "81"]
[EventDate "2010.03.27"]
[EventType "swiss"]
[EventRounds "9"]
[EventCountry "GER"]
[SourceTitle "EXT 2022"]
[Source "ChessBase"]
[SourceDate "2021.10.06"]
[SourceVersion "1"]
[SourceVersionDate "2021.10.06"]
[SourceQuality "1"]

1. d4 Nf6 2. c4 e6 3. Nc3 Bb4 4. Qc2 c5 5. dxc5 Na6 6. a3 Bxc3+ 7. Qxc3 Nxc5 8. b4 Nce4 9. Qb2 d5 10. c5 h6 11. f3 Ng5 12. Bf4 0-0 13. e3 Ne8 14. h4 Nh7 15. Bd3 f6 16. Qc2 f5 17. Be5 Nhf6 18. Rd1 Qe7 19. Ne2 a5 20. Nf4 Qf7 21. b5 Nh5 22. Kf2 Nxf4 23. exf4 Qe7 24. Qc3 Rf7 25. Rdg1 Bd7 26. Ke3 Rc8 27. Bd4 Nf6 28. Qxa5 Rxc5 29. Qb4 Rc8 30. Qxe7 Rxe7 31. a4 Ree8 32. Ra1 Ra8 33. a5 Rec8 34. a6 bxa6 35. b6 Bc6 36. Bxa6 Rcb8 37. Rhc1 Bb7 38. Bxb7 Rxa1 39. Rxa1 Rxb7 40. Bxf6 Rxb6 41. Bc3 1-0

[Event "Oberliga Nord N 0910"]
[Site "Germany"]
[Date "2010.01.24"]
[Round "5.8"]
[White "Hein, Andreas"]
[Black "Bracke, Niels"]
[Result "1/2-1/2"]
[WhiteElo "2191"]
[BlackElo "2164"]
[PlyCount "82"]
[EventDate "2009.10.18"]
[EventType "team-tourn"]
[EventRounds "9"]
[EventCountry "GER"]
[SourceTitle "EXT 2011"]
[Source "ChessBase"]
[SourceDate "2010.11.26"]
[SourceVersion "1"]
[SourceVersionDate "2010.11.26"]
[SourceQuality "1"]
[WhiteTeam "Luebeck"]
[BlackTeam "Kiel Meerbauer"]
[WhiteTeamCountry "GER"]
[BlackTeamCountry "GER"]

1. Nf3 Nf6 2. g3 g6 3. Bg2 Bg7 4. 0-0 0-0 5. d3 d6 6. e4 e5 7. Nbd2 Bg4 8. h3 Be6 9. b3 Qd7 10. Ng5 Nc6 11. Bb2 h6 12. Nxe6 Qxe6 13. a4 Ne7 14. Nc4 Nh5 15. Kh2 c6 16. Qe2 Rad8 17. Rae1 f5 18. exf5 Nxf5 19. d4 e4 20. Bxe4 Nxd4 21. Bxd4 Bxd4 22. Bd3 Qxe2 23. Rxe2 Rf6 24. f4 g5 25. Re4 Bc5 26. fxg5 Rxf1 27. Bxf1 d5 28. Rh4 Nxg3 29. Kxg3 Rf8 30. Rf4 dxc4 31. Bxc4+ Kg7 32. Rxf8 Bxf8 33. h4 hxg5 34. hxg5 Kg6 35. Kg4 Bg7 36. Bd3+ Kf7 37. Kf5 a5 38. Be4 Ke7 39. Bf3 Bd4 40. Ke4 Bg7 41. Kd3 Kd6 1/2-1/2

[Event "Schleswig Holstein-ch M 64th"]
[Site "Altenholz"]
[Date "2009.04.06"]
[Round "3"]
[White "Krumbke, Lars"]
[Black "Hein, Andreas"]
[Result "0-1"]
[WhiteElo "2024"]
[BlackElo "2200"]
[PlyCount "56"]
[EventDate "2009.04.04"]
[EventType "swiss"]
[EventRounds "9"]
[EventCountry "GER"]
[SourceTitle "CBM 129 Extra"]
[Source "ChessBase"]
[SourceDate "2009.05.05"]
[SourceVersion "2"]
[SourceVersionDate "2009.05.20"]
[SourceQuality "1"]

1. e4 c6 2. d4 d5 3. e5 Bf5 4. g4 Be4 5. f3 Bg6 6. h4 h5 7. e6 Qd6 8. exf7+ Bxf7 9. Ne2 hxg4 10. fxg4 Nd7 11. Bf4 e5 12. dxe5 Nxe5 13. Bxe5 Qxe5 14. Qd4 Bd6 15. Qxe5+ Bxe5 16. Nd2 0-0-0 17. 0-0-0 Nf6 18. g5 Nh5 19. Bh3+ Kb8 20. Rdf1 Bg6 21. Bf5 Bxf5 22. Rxf5 Rde8 23. c3 Bd6 24. Rf2 Re7 25. Rhf1 Rhe8 26. Nd4 g6 27. Rf7 Re3 28. Rd7 Be7 0-1

[Event "Schleswig Holstein-ch M 64th"]
[Site "Altenholz"]
[Date "2009.04.05"]
[Round "2"]
[White "Hein, Andreas"]
[Black "Feuerstack, Aljoscha"]
[Result "0-1"]
[WhiteElo "2200"]
[BlackElo "2345"]
[PlyCount "70"]
[EventDate "2009.04.04"]
[EventType "swiss"]
[EventRounds "9"]
[EventCountry "GER"]
[SourceTitle "CBM 129 Extra"]
[Source "ChessBase"]
[SourceDate "2009.05.05"]
[SourceVersion "2"]
[SourceVersionDate "2009.05.20"]
[SourceQuality "1"]

1. d4 f5 2. g3 e6 3. Bg2 d5 4. Nh3 Nf6 5. Nd2 c5 6. c3 cxd4 7. cxd4 Nc6 8. e3 Bd6 9. 0-0 0-0 10. Nf3 Ne4 11. Nf4 g5 12. Nd3 g4 13. Nd2 b6 14. Nxe4 dxe4 15. Bxe4 fxe4 16. Qxg4+ Kh8 17. Qxe4 Ba6 18. Rd1 Qd7 19. b3 Ne7 20. Bb2 Nd5 21. Qg4 Qf7 22. f4 Qf5 23. Qxf5 exf5 24. Kf2 Rac8 25. Nc5 Kg8 26. Rac1 bxc5 27. dxc5 Nb4 28. Rxd6 Nd3+ 29. Kg1 Nxc1 30. Rxa6 Rfd8 31. Bf6 Rd1+ 32. Kg2 Rd2+ 33. Kh3 Nd3 34. Rxa7 Nf2+ 35. Kh4 Ne4 0-1

[Event "Schleswig Holstein-ch M 64th"]
[Site "Altenholz"]
[Date "2009.04.04"]
[Round "1"]
[White "Hein, Andreas"]
[Black "Magnussen, Helge"]
[Result "1-0"]
[WhiteElo "2200"]
[BlackElo "2012"]
[PlyCount "141"]
[EventDate "2009.04.04"]
[EventType "swiss"]
[EventRounds "9"]
[EventCountry "GER"]
[SourceTitle "CBM 129 Extra"]
[Source "ChessBase"]
[SourceDate "2009.05.05"]
[SourceVersion "2"]
[SourceVersionDate "2009.05.20"]
[SourceQuality "1"]

1. e4 e6 2. d3 d5 3. Nd2 Nf6 4. Ngf3 c5 5. g3 Nc6 6. Bg2 Bd6 7. 0-0 0-0 8. Re1 Qc7 9. Qe2 Nd7 10. c3 b6 11. Nf1 a5 12. exd5 exd5 13. Ne3 Nf6 14. Qc2 Rb8 15. Bd2 b5 16. d4 b4 17. Ng5 g6 18. dxc5 Bxc5 19. Nxd5 Nxd5 20. Bxd5 Ne7 21. Be4 h6 22. cxb4 Bd6 23. Qxc7 Bxc7 24. Nf3 axb4 25. Bxh6 Rd8 26. Bg5 Rd7 27. Bf6 Rb6 28. Bd4 Re6 29. Bc2 Bb7 30. Rxe6 fxe6 31. Ba4 Rd8 32. Bc5 Bxf3 33. Bxe7 Rd2 34. Bxb4 Rxb2 35. Bc3 Rb6 36. Bb3 Rc6 37. Bb2 Ba5 38. Rc1 Rd6 39. Be5 Rd2 40. Bxe6+ Kh7 41. Bf4 Re2 42. Bc4 Rb2 43. Be3 Bb4 44. a4 Ba5 45. Bb5 Ra2 46. h3 Be4 47. g4 Bc2 48. Bc4 Rb2 49. Bd4 Rb1 50. Rxb1 Bxb1 51. f4 Bc7 52. Be3 Kg7 53. Kf2 Kf6 54. Bd4+ Ke7 55. Ke3 Bc2 56. Bb5 Ba5 57. Bd3 Bxa4 58. Bxg6 Be1 59. Bf5 Kf7 60. g5 Bb3 61. Bd3 Bh4 62. Kf3 Be1 63. f5 Bd2 64. g6+ Kg8 65. f6 Bh6 66. h4 Bf8 67. Be3 Bd6 68. h5 Be5 69. Bg5 Bd1+ 70. Ke4 Bd6 71. Bc4+ 1-0

[Event "Schleswig Holstein-ch U18 VM"]
[Site "Neumuenster"]
[Date "2008.03.28"]
[Round "7"]
[White "Jacobsen, Henrik"]
[Black "Hein, Andreas"]
[Result "1/2-1/2"]
[WhiteElo "1710"]
[BlackElo "1514"]
[PlyCount "58"]
[EventDate "2008.03.24"]
[EventType "swiss"]
[EventRounds "9"]
[EventCountry "GER"]
[SourceTitle "EXT 2009"]
[Source "ChessBase"]
[SourceDate "2008.11.26"]
[SourceVersion "1"]
[SourceVersionDate "2008.11.26"]
[SourceQuality "1"]

1. d4 d5 2. Nf3 Nf6 3. Bf4 Bf5 4. e3 e6 5. Nbd2 Nbd7 6. h3 h6 7. Be2 Bd6 8. Ne5 Ne4 9. c3 Nxd2 10. Qxd2 Nxe5 11. Bxe5 Bxe5 12. dxe5 Qg5 13. 0-0-0 Qxg2 14. f3 Qg3 15. e4 Bg6 16. exd5 Qxe5 17. Bb5+ Kf8 18. Bc4 Qf5 19. Qd3 Qxd3 20. Bxd3 Bxd3 21. Rxd3 Ke7 22. dxe6 fxe6 23. Rg1 Rhg8 24. h4 g5 25. hxg5 Rxg5 26. Rgd1 Rd5 27. Rxd5 exd5 28. Rxd5 Rd8 29. Rb5 b6 1/2-1/2

[Event "Schleswig Holstein-ch M 63rd"]
[Site "Gross Groenau"]
[Date "2008.03.21"]
[Round "7"]
[White "Guelke, Volker"]
[Black "Hein, Andreas"]
[Result "1-0"]
[WhiteElo "2148"]
[BlackElo "2208"]
[PlyCount "47"]
[EventDate "2008.03.15"]
[EventType "swiss"]
[EventRounds "9"]
[EventCountry "GER"]
[SourceTitle "EXT 2010"]
[Source "ChessBase"]
[SourceDate "2010.11.25"]
[SourceVersion "1"]
[SourceVersionDate "2010.11.25"]
[SourceQuality "1"]

1. e4 c6 2. d4 d5 3. Nd2 dxe4 4. Nxe4 Nf6 5. Nxf6+ gxf6 6. Ne2 h5 7. h4 Bg4 8. c3 Nd7 9. Qb3 Nb6 10. Ng3 Qc7 11. Be2 Bxe2 12. Nxe2 Rg8 13. g3 e5 14. dxe5 fxe5 15. Bg5 Qd6 16. Rd1 Qg6 17. 0-0 Bc5 18. Kh2 f6 19. Bxf6 Kf8 20. Bxe5 Re8 21. Nf4 Qh6 22. Rd3 Rg4 23. Rf3 Ke7 24. Nd3 1-0

[Event "Oberliga Nord N 0708"]
[Site "Germany"]
[Date "2007.11.04"]
[Round "2.4"]
[White "Gaede, Derek"]
[Black "Hein, Andreas"]
[Result "1-0"]
[WhiteElo "2221"]
[BlackElo "2208"]
[PlyCount "81"]
[EventDate "2007.10.21"]
[EventType "team-tourn"]
[EventRounds "9"]
[EventCountry "GER"]
[SourceTitle "EXT 2009"]
[Source "ChessBase"]
[SourceDate "2008.11.26"]
[SourceVersion "1"]
[SourceVersionDate "2008.11.26"]
[SourceQuality "1"]
[WhiteTeam "Hamburger SK II"]
[BlackTeam "Luebeck"]
[WhiteTeamCountry "GER"]
[BlackTeamCountry "GER"]

1. d4 Nf6 2. c4 e6 3. Nc3 Bb4 4. Qc2 c5 5. dxc5 Na6 6. a3 Bxc3+ 7. Qxc3 Nxc5 8. b4 Nce4 9. Qd4 d5 10. c5 b6 11. f3 bxc5 12. bxc5 Qa5+ 13. Qb4 Qc7 14. fxe4 Rb8 15. Qa4+ Bd7 16. Qc2 Qe5 17. Rb1 Rxb1 18. Qxb1 Nxe4 19. Bb2 Qf4 20. Nf3 0-0 21. Qc1 Qc7 22. e3 Qa5+ 23. Nd2 Rc8 24. Bd3 Nxc5 25. Qb1 h6 26. 0-0 Qxd2 27. Bh7+ Kf8 28. Qg6 Qxe3+ 29. Kh1 Ke7 30. Qxf7+ Kd6 31. Qxg7 Qe2 32. Qf6 Kc6 33. Bd4 Nb3 34. Bg1 Nd2 35. Rf2 Qd1 36. Qd4 Qb3 37. Rxd2 Qxa3 38. Rb2 Kd6 39. Qf4+ e5 40. Qf6+ Be6 41. Rb7 1-0

[Event "Oberliga Nord N 0506"]
[Site "Germany"]
[Date "2006.03.12"]
[Round "8.3"]
[White "Ritscher, Jan Paul"]
[Black "Hein, Andreas"]
[Result "0-1"]
[WhiteElo "2284"]
[BlackElo "2247"]
[PlyCount "50"]
[EventDate "2005.10.23"]
[EventType "team-tourn"]
[EventRounds "9"]
[EventCountry "GER"]
[SourceTitle "EXT 2007"]
[Source "ChessBase"]
[SourceDate "2006.11.23"]
[SourceVersion "1"]
[SourceVersionDate "2006.11.23"]
[SourceQuality "1"]
[WhiteTeam "Hamburg Schachfreunde"]
[BlackTeam "Luebeck II"]
[WhiteTeamCountry "GER"]
[BlackTeamCountry "GER"]

1. e4 c6 2. d4 d5 3. Nc3 dxe4 4. Nxe4 Nf6 5. Nxf6+ gxf6 6. c3 Bf5 7. Ne2 h5 8. h4 Nd7 9. Ng3 Bg6 10. Be2 Qa5 11. b4 Qc7 12. Nxh5 e5 13. dxe5 0-0-0 14. Nf4 Nc5 15. Bg4+ Kb8 16. Qe2 Nd3+ 17. Nxd3 Bxd3 18. Qe3 fxe5 19. Be2 e4 20. Bd2 Bh6 21. Qxh6 Rxh6 22. Bxh6 Qd6 23. Bg7 Bxe2 24. Kxe2 Qd3+ 25. Ke1 e3 0-1

[Event "Oberliga Nord N 0506"]
[Site "Germany"]
[Date "2006.02.19"]
[Round "7.3"]
[White "Hein, Andreas"]
[Black "Lindner, Daniel"]
[Result "0-1"]
[WhiteElo "2247"]
[BlackElo "2259"]
[PlyCount "90"]
[EventDate "2005.10.23"]
[EventType "team-tourn"]
[EventRounds "9"]
[EventCountry "GER"]
[SourceTitle "EXT 2007"]
[Source "ChessBase"]
[SourceDate "2006.11.23"]
[SourceVersion "1"]
[SourceVersionDate "2006.11.23"]
[SourceQuality "1"]
[WhiteTeam "Luebeck II"]
[BlackTeam "Hamburg Koenigsspringer"]
[WhiteTeamCountry "GER"]
[BlackTeamCountry "GER"]

1. d4 Nf6 2. Nf3 e6 3. e3 b6 4. Nbd2 Bb7 5. Bd3 c5 6. 0-0 Nc6 7. c3 Be7 8. e4 cxd4 9. cxd4 0-0 10. Re1 d6 11. a3 a6 12. Nf1 h6 13. Ng3 Qc7 14. Bd2 Rac8 15. Rc1 Qb8 16. Qe2 Rfd8 17. Bxa6 d5 18. Bxb7 Qxb7 19. e5 Nd7 20. Nh5 Na5 21. g4 Rxc1 22. Rxc1 Rc8 23. g5 Rxc1+ 24. Bxc1 Qc6 25. Qd1 hxg5 26. Bxg5 Bf8 27. Bd2 Qc4 28. Bxa5 bxa5 29. Qd2 Nb8 30. Qf4 Qd3 31. Qg4 Nd7 32. Nf4 Qb1+ 33. Kg2 Qe4 34. Kg3 Be7 35. h4 Nb6 36. Qh5 Nc4 37. Nxe6 g6 38. Qh6 fxe6 39. h5 gxh5 40. Qxe6+ Kf8 41. Qh6+ Kf7 42. Qxh5+ Qg6+ 43. Qxg6+ Kxg6 44. b3 Nxa3 45. Kf4 Nc2 0-1

[Event "BL2-Nord 0506"]
[Site "Germany"]
[Date "2006.01.15"]
[Round "5.8"]
[White "Brodowski, Piotr"]
[Black "Hein, Andreas"]
[Result "1-0"]
[WhiteElo "2294"]
[BlackElo "2247"]
[PlyCount "83"]
[EventDate "2005.10.23"]
[EventType "team-tourn"]
[EventRounds "9"]
[EventCountry "GER"]
[SourceTitle "EXT 2007"]
[Source "ChessBase"]
[SourceDate "2006.11.23"]
[SourceVersion "1"]
[SourceVersionDate "2006.11.23"]
[SourceQuality "1"]
[WhiteTeam "Ruedersdorf"]
[BlackTeam "Luebeck"]
[WhiteTeamCountry "GER"]
[BlackTeamCountry "GER"]

1. d4 Nf6 2. Nf3 e6 3. g3 d5 4. Bg2 Nbd7 5. 0-0 Bd6 6. c4 c6 7. Qc2 0-0 8. Nbd2 Re8 9. b3 e5 10. dxe5 Nxe5 11. Bb2 Nxf3+ 12. Nxf3 Qe7 13. cxd5 cxd5 14. e3 Bg4 15. Nd4 Rac8 16. Qd3 Ba3 17. Bxa3 Qxa3 18. Nb5 Qa6 19. a4 Bd7 20. Bxd5 Nxd5 21. Qxd5 Be6 22. Qd6 Rc6 23. Qf4 Qb6 24. Nd4 Bh3 25. Rfc1 Rf6 26. Qg5 a6 27. Qd5 Qb4 28. Ra2 Rd6 29. Qc4 Qa5 30. Rac2 Qh5 31. Qc5 Rd5 32. Qe7 f6 33. Qxb7 Qe5 34. Rc7 Qe4 35. Rxg7+ Kh8 36. Rxh7+ Qxh7 37. Qxd5 Bg4 38. Qc6 Qe7 39. b4 Rc8 40. Qxc8+ Bxc8 41. Rxc8+ Kh7 42. b5 1-0

[Event "Oberliga Nord N 0506"]
[Site "Germany"]
[Date "2005.12.11"]
[Round "4.3"]
[White "Schwarz, Frank"]
[Black "Hein, Andreas"]
[Result "1-0"]
[WhiteElo "2247"]
[BlackElo "2247"]
[PlyCount "143"]
[EventDate "2005.10.23"]
[EventType "team-tourn"]
[EventRounds "9"]
[EventCountry "GER"]
[SourceTitle "EXT 2007"]
[Source "ChessBase"]
[SourceDate "2006.11.23"]
[SourceVersion "1"]
[SourceVersionDate "2006.11.23"]
[SourceQuality "1"]
[WhiteTeam "Kiel Meerbauer"]
[BlackTeam "Luebeck II"]
[WhiteTeamCountry "GER"]
[BlackTeamCountry "GER"]

1. d4 c5 2. c3 d5 3. Nf3 e6 4. e3 Nd7 5. Bd3 Ngf6 6. Nbd2 Bd6 7. 0-0 0-0 8. e4 cxd4 9. cxd4 dxe4 10. Nxe4 Nxe4 11. Bxe4 Nf6 12. Bg5 h6 13. Bxf6 Qxf6 14. Qe2 g6 15. Rfd1 Rb8 16. Rac1 Bd7 17. Ne5 Rfd8 18. Rc3 Bb5 19. Bd3 Be8 20. Bc2 Bxe5 21. dxe5 Rxd1+ 22. Bxd1 Qg5 23. g3 Rd8 24. f4 Qe7 25. Bc2 Qb4 26. Be4 Bb5 27. Qc2 b6 28. Bxg6 Qd4+ 29. Kg2 Qd2+ 30. Kh3 Bf1+ 31. Kh4 Qxc2 32. Bxc2 Rd2 33. h3 Rh2 34. g4 Bxh3 35. Kg3 Rh1 36. Bb3 h5 37. gxh5 Bf5 38. Rc7 a5 39. Rb7 Rb1 40. Rxb6 Rxb2 41. Ra6 Be4 42. Rxa5 Rg2+ 43. Kh3 Rg1 44. Ra4 Rh1+ 45. Kg3 Bf5 46. Rc4 Rxh5 47. Bc2 Bxc2 48. Rxc2 Rh1 49. Kf3 Rh3+ 50. Ke4 Ra3 51. Kd4 Ra4+ 52. Kc5 Rxf4 53. Kb5 Rf1 54. a4 Ra1 55. a5 Kg7 56. Rc5 f6 57. Kb6 fxe5 58. a6 e4 59. a7 e3 60. Re5 Kf6 61. Rxe3 e5 62. Rg3 Ke6 63. Rg8 Kd5 64. a8Q+ Rxa8 65. Rxa8 e4 66. Kb5 Kd4 67. Kb4 Kd3 68. Kb3 e3 69. Rd8+ Ke2 70. Kc2 Kf1 71. Rf8+ Ke1 72. Kd3 1-0

[Event "Oberliga Nord N 0506"]
[Site "Germany"]
[Date "2005.10.23"]
[Round "1.2"]
[White "Hein, Andreas"]
[Black "Kopylov, Luba"]
[Result "0-1"]
[WhiteElo "2247"]
[BlackElo "1683"]
[PlyCount "82"]
[EventDate "2005.10.23"]
[EventType "team-tourn"]
[EventRounds "9"]
[EventCountry "GER"]
[SourceTitle "EXT 2007"]
[Source "ChessBase"]
[SourceDate "2006.11.23"]
[SourceVersion "1"]
[SourceVersionDate "2006.11.23"]
[SourceQuality "1"]
[WhiteTeam "Luebeck II"]
[BlackTeam "Neumuenster"]
[WhiteTeamCountry "GER"]
[BlackTeamCountry "GER"]

1. d4 Nf6 2. Nf3 g6 3. Bg5 Ne4 4. Bh4 d5 5. e3 Bg7 6. Nbd2 c5 7. c3 Qb6 8. Qb3 Nxd2 9. Nxd2 c4 10. Qxb6 axb6 11. e4 e6 12. Be2 b5 13. Bf3 e5 14. dxe5 d4 15. cxd4 Nc6 16. Bd1 Nxd4 17. f4 Ne6 18. Bg3 h5 19. h4 Bf8 20. 0-0 Bb4 21. Nf3 Bc5+ 22. Kh1 Be3 23. f5 gxf5 24. exf5 Nd4 25. e6 Nxf5 26. exf7+ Kxf7 27. Be5 Re8 28. Bc2 Kg8 29. Bxf5 Bxf5 30. a3 Bd3 31. Rfe1 Bf2 32. Red1 Bxh4 33. Bc3 Bf2 34. Ne5 Rad8 35. g4 Be4+ 36. Kh2 h4 37. Nd7 Bf3 38. Nf6+ Kf7 39. Rxd8 Bg3+ 40. Kg1 Rxd8 41. Rf1 h3 0-1

[Event "Hamburg Junge op"]
[Site "Hamburg"]
[Date "2005.10.06"]
[Round "6"]
[White "Hein, Andreas"]
[Black "Willim, Michael"]
[Result "1-0"]
[WhiteElo "2247"]
[BlackElo "2098"]
[PlyCount "69"]
[EventDate "2005.10.01"]
[EventType "swiss"]
[EventRounds "9"]
[EventCountry "GER"]
[SourceTitle "CBM 108 Extra"]
[Source "ChessBase"]
[SourceDate "2005.11.04"]
[SourceVersion "1"]
[SourceVersionDate "2005.11.04"]
[SourceQuality "1"]

1. d4 e6 2. Nf3 Nf6 3. e3 c5 4. Nbd2 b6 5. Bd3 Bb7 6. c3 cxd4 7. exd4 Be7 8. 0-0 0-0 9. Re1 d6 10. Nf1 Nbd7 11. Ng3 Re8 12. Ng5 a6 13. a4 Nf8 14. Nh5 g6 15. Nxf6+ Bxf6 16. Ne4 Bxe4 17. Bxe4 Rb8 18. Qf3 d5 19. Bd3 b5 20. axb5 axb5 21. Bf4 Rb7 22. Qe2 Qb6 23. b4 Qc6 24. Rec1 Nd7 25. Ra5 e5 26. Bxb5 Rxb5 27. Rxb5 Re7 28. dxe5 g5 29. Bg3 Nxe5 30. Bxe5 Bxe5 31. Qd3 Qf6 32. g3 d4 33. cxd4 Bxd4 34. Rf5 Qg6 35. Rc8+ 1-0

[Event "Hamburg Junge op"]
[Site "Hamburg"]
[Date "2005.10.03"]
[Round "3"]
[White "Nodorp, Dieter"]
[Black "Hein, Andreas"]
[Result "1-0"]
[WhiteElo "2114"]
[BlackElo "2247"]
[PlyCount "79"]
[EventDate "2005.10.01"]
[EventType "swiss"]
[EventRounds "9"]
[EventCountry "GER"]
[SourceTitle "CBM 108 Extra"]
[Source "ChessBase"]
[SourceDate "2005.11.04"]
[SourceVersion "1"]
[SourceVersionDate "2005.11.04"]
[SourceQuality "1"]

1. d4 Nf6 2. c4 e6 3. Nc3 Bb4 4. e3 c5 5. Nf3 Nc6 6. Bd3 d6 7. Qc2 e5 8. d5 Ne7 9. e4 h6 10. 0-0 Bxc3 11. Qxc3 Ng6 12. a3 Nh5 13. b4 b6 14. Be3 0-0 15. Rfb1 Nhf4 16. Bf1 f5 17. exf5 Bxf5 18. Rb2 Be4 19. Ne1 Qd7 20. f3 Bf5 21. g4 Bxg4 22. fxg4 Qxg4+ 23. Ng2 Nh4 24. Bxf4 exf4 25. Kh1 Nf5 26. Be2 Ng3+ 27. Qxg3 Qxe2 28. Rxe2 fxg3 29. hxg3 Rf3 30. Kh2 Rc3 31. bxc5 bxc5 32. Rb1 Rf8 33. Rb7 Rff3 34. Nf4 Kh7 35. Rb8 h5 36. Ree8 Kh6 37. Rh8+ Kg5 38. Rxh5+ Kg4 39. Rh4+ Kg5 40. Ne6+ 1-0

[Event "Mainz CCM5 sim"]
[Site "Mainz"]
[Date "2005.08.??"]
[Round "?"]
[White "Grischuk, Alexander"]
[Black "Hein, Andreas"]
[Result "1-0"]
[WhiteElo "2720"]
[BlackElo "2247"]
[PlyCount "67"]
[EventDate "2005.08.??"]
[EventType "simul"]
[EventRounds "1"]
[EventCountry "GER"]
[SourceTitle "EXT 2007"]
[Source "ChessBase"]
[SourceDate "2006.11.23"]
[SourceVersion "1"]
[SourceVersionDate "2006.11.23"]
[SourceQuality "1"]

1. e4 e5 2. f4 d6 3. Nc3 Nf6 4. Nf3 Nbd7 5. Bc4 Be7 6. 0-0 0-0 7. d3 c6 8. Kh1 Qc7 9. a4 a5 10. Qe1 Nc5 11. fxe5 dxe5 12. Qg3 Nh5 13. Qxe5 Qxe5 14. Nxe5 Nf6 15. Be3 Ne6 16. Rad1 Bd6 17. Nf3 Ng4 18. Bg1 Bd7 19. d4 Rad8 20. h3 Nh6 21. Bh2 Bxh2 22. Kxh2 Be8 23. Rfe1 Kh8 24. d5 cxd5 25. exd5 Nc5 26. b3 Nf5 27. Nd4 Nd6 28. Bf1 Bd7 29. Ncb5 Nde4 30. Nf3 Bxb5 31. axb5 Nc3 32. Rd4 Rxd5 33. Rxd5 Nxd5 34. Re5 1-0

[Event "Oberliga Nord N 0405"]
[Site "Germany"]
[Date "2005.04.10"]
[Round "9.2"]
[White "Meier, David Geffrey"]
[Black "Hein, Andreas"]
[Result "0-1"]
[WhiteElo "2258"]
[BlackElo "2223"]
[PlyCount "132"]
[EventDate "2004.10.24"]
[EventType "team-tourn"]
[EventRounds "9"]
[EventCountry "GER"]
[SourceTitle "EXT 2006"]
[Source "ChessBase"]
[SourceDate "2005.11.24"]
[SourceVersion "1"]
[SourceVersionDate "2005.11.24"]
[SourceQuality "1"]
[WhiteTeam "Hamburger SK III"]
[BlackTeam "Luebeck II"]
[WhiteTeamCountry "GER"]
[BlackTeamCountry "GER"]

1. d4 Nf6 2. c4 e6 3. Nf3 d5 4. Nc3 Be7 5. g3 c6 6. Bg2 Nbd7 7. b3 Qa5 8. Bd2 Qa6 9. cxd5 exd5 10. 0-0 0-0 11. Bc1 Re8 12. Bb2 Bb4 13. e3 Qa5 14. Qc2 Qd8 15. a3 Bxc3 16. Bxc3 Ne4 17. Nd2 Ndf6 18. f3 Nxd2 19. Bxd2 Qb6 20. Rfe1 Be6 21. Bb4 Rad8 22. Qc5 Rd7 23. Qxb6 axb6 24. a4 h5 25. h4 Bf5 26. Bd2 Rdd8 27. Kf2 Ra8 28. Bb4 Re6 29. Re2 Bd3 30. Rd2 Bf5 31. Bf1 Rae8 32. Re1 Nd7 33. Ra2 f6 34. e4 dxe4 35. Bc4 exf3 36. Kxf3 b5 37. axb5 cxb5 38. Bxe6+ Rxe6 39. Rxe6 Bxe6 40. Ra3 Nb6 41. Bd2 Kh7 42. Ke4 Kg6 43. Ba5 Nd5 44. Be1 Nb6 45. Bb4 Bd5+ 46. Kf4 Bc6 47. Bc5 Nd5+ 48. Ke4 Nb4+ 49. Kf4 Nd5+ 50. Kf3 Kf5 51. Ra1 Nc3+ 52. Ke3 Kg4 53. Bf8 g5 54. Bh6 Ne4 55. Rg1 Kh3 56. hxg5 fxg5 57. Rh1+ Kg4 58. Rg1 Nd6 59. Bf8 Nf5+ 60. Kd3 Nxg3 61. Bd6 h4 62. Ke3 Kh3 63. Bxg3 hxg3 64. Rd1 Bd5 65. Rc1 Kh2 66. b4 g2 0-1